000 01180nam0a22002891 4500
001 rc\3781699
005 20120207130540.2
021 _aRU
_b76-5333
021 _aRU
_bРг3957-76
035 _a(NLR Aleph) 007231408
090 _a7728457
_c7728457
100 _a20120207d1975 |||y0rusy50 ca
101 0 _arus
102 _aRU
105 _ay z |||||
200 1 _aОрганизация подготовки производства в автотранспортных предприятиях
_fМ-во автомоб. транспорта РСФСР. ЦБНТИ
210 _aМосква
_cБ. и.
_d1975
215 _a36 с.
_d20
225 1 _aЭкспресс-информация
_iСерия "Грузовые перевозки"
300 _aНа обороте тит. л.: авт. информации инж. Г.С. Кутиков
700 1 _aКутиков
_bГ. С.
_gГеоргий Семенович
712 0 1 _aРСФСР
_bМинистерство автомобильного транспорта
_bЦБНТИ
_3RU\NLR\AUTH\889928719
801 0 _aRU
_bNLR
_gpsbo
801 1 _aRU
_bELAR
_2rusmarc
852 _aNLR
_j76-4/9638
942 _cBOOK
980 _aNB